000 00767nam a2200253Ia 4500
003 OSt
005 20220928104211.0
006 a|||||r|||| 00| 0
007 ta
008 220927b |||||||| |||| 00| 0 hin d
020 _c595
024 _a120526
037 _b2086, 12/12/2012, Kiran Book Service
_cTextual
040 _aSDCL
_cSDCL
_bhin
041 _2hin
_ahin
082 _aNW2:g(NR), Q2
100 _aChaterjee Sujoy
_9409575
245 0 _aKaaarva Seene-Sangeet Ka
_b Utpatti se swaraj ke bihaan tak 1931-1947.
260 _aDelhi
_bYash Publishing
_c2012
300 _a272p
_ccm.
650 _aHindi
_9391598
942 _hNW2:g(NR), Q2
_cTEXL
_2CC
999 _c725146
_d725146